000 01128nam a2200301 4500
003 EG-GICUC
005 20260415135042.0
008 260415s1976 ua |||fr|||| 000 0 ara d
040 _a EG-GICUC
_bara
_c EG-GICUC
_d EG-GICUC
_erda
041 0 _aara
082 0 4 _221
_a341.33
_bم ح . د
092 0 4 _221
099 _aLaw1 11 341.33 م ح . د 1976
100 0 _aمحمد التابعي
_eمؤلف.
245 1 2 _aالدبلوماسية في الإسلام /
_cتأليف محمد التابعي.
264 1 _a[مكان النشر غير محدد] :
_b[الناشر غير محدد],
_c1976.
300 _a177 صفحة؛
_c18 سم
336 _2rda content
_atext
337 _2rda media
_aComputer
338 _2rda carrier
_aOnline Resource
504 _a. يشتمل على إرجاعات ببيلوجرافية
546 _aالنص باللغة العربية
650 1 4 _aالقانون الدولي العام
_vالدبلوماسية/ السلك الدبلوماسي
_2qrmak
651 1 _2qrmak
856 4 0 _uhttps://fll.law.cu.edu.eg/fulltext/bks/B11-07763.pdf
905 _a56
942 _2ddc
_n0
_cBK
_e21
999 _c71064
_d71064